000 02081cam a22004814i 4500
003 PE-LiUPU
005 20250731173106.0
008 150623s r 000 0 d
020 _a0852443420
035 _a(Sirsi) i9780852443422
040 _aPE-LiUPU
_bspa
_cPE-LiUPU
_erda
049 _aPRUA
082 0 4 _a268
_bR77
_221
245 0 0 _aResearch in Religious Education.
264 1 _aMacon, Georgia :
_bSmith Helwys Publishing,
_c1996.
300 _a470 páginas :
_bilustraciones, cuadros, gráficos ;
_c23 centímetros
336 _atext
_2rdacontent
337 _aunmediated
_2rdamedia
338 _avolume
_2rdacarrier
504 _aIncluye bibliografía.
505 0 _aResearch pioneer in religious education. -Historical context. -Thinking about chilhood spirituality: review of research and current directions. -Further on from fowler : post-fowler faith development research. -Measuring religious thinking using piagetian operational paradigms. -Developmental research in the classroom: an empirical study of teaching-learning in religious adecation: a theory-based empirical study. -Esthnographic research and curriculumdevelopment. -Gender differences in religiosity in children and adolescents. -Religiosity and self-esteem during chilhood and adolescence..
526 _aSEG42
526 _aSEG41
526 _aSEG40
526 _aSEG39
526 _aP94
526 _aP87
526 _aP86
526 _aP85
526 _aP77
526 _aP76
526 _aP35
650 0 4 _aEducación cristiana.
700 1 _aFrancis, Leslie J.,
_eed.
700 1 _aWilliam K. Kay,
_eed.
700 1 _aWilliam S. Campbell,
_eed.
942 _2ddc
_cBOOK
949 _a268 R77
_wDEWEY
_c1
_i49499
_lCCODEBUL1
_mBUL
_r0
_sY
_tBOOK
_u2015-6-24
_xTEOLOGIA
_PP35
_0COMPRA
_o.STAFF. Colección General
994 _aC0
_bPEPRU
596 _a1
999 _a268 R77
_wDEWEY
_c30311
_i49499
_d30311
_f2021-11-10
_g5
_lCCODEBUL1
_mBUL
_q1
_r0
_sY
_tBOOK
_u2015-6-24
_xTEOLOGIA
_PP35
_0COMPRA
_o.STAFF. Colección General
980 _81
_gALBERTO SANCHEZ Responsable de Automatización